Disney Closing Lines Quiz Stats

 Plays Quiz Updated Oct 2, 2018

Challenge
Share
Tweet
Embed
Score 0/22 Timer 05:00
0 Plays Today
Closing Line Movie % Correct
Are they going to live happily ever after, Mama?
Of course my dear, of course.
Do I still have to sleep in the cupboard?
Beauty and the Beast
81.6%
Don’t you see? I have the other slipper.Cinderella
79.5%
Well sir, I don’t believe I’ve seen a more likely looking pair of fawns, which [Title Character] ought to be mighty proud.Bambi
78.1%
He deserved to be a real boy. It sure was nice of you… Uh? Wha? Well, I’ll be! My my, solid gold too. Oh, I think it's swell.Pinocchio
72.9%
Caterpillar? Oh, for goodness sake. [Title Character], I… Oh well. Come along. It’s time for tea.Alice In Wonderland
69.2%
Oh, I just love happy endings!
Yes, I do too. Oh, Blue? Pink!
Blue!
Sleeping Beauty
58.5%
You know, I have the strangest feeling that I’ve seen that ship before... a long time ago...
when I was very young.
George, dear.
Father.
Peter Pan
55.9%
We’ll always be friends, forever, won’t we?
Yeah forever.
Fox and the Hound
54.7%
What am I doing? Captain, tell them you never found us, eh? After all, people get lost in the jungle every day. Toodle Pip.Tarzan
50.1%
Good luck, lad.
Godspeed John.
[Hoist the main sail, weigh anchor…]
Pocahontas
49.7%
Squeak squeak squeak squeak squeak squeakers….
Squeaken.
I’m so proud of you guys.
Emperor's New Groove
42.7%
Closing Line Movie % Correct
Made ya look.Aladdin
41.7%
Hey, you’re okay, for a cat. We’ll keep a spot
open for you in the gang. Nice present.
Uptown chapter. Later kid.
Buh Bye, bye!
What a delightful scoundrel.
Oliver and Company
38.9%
Dear Mr. Whitmore. I hope this piece of proof is enough for you. It sure convinced me. Thanks from the both of us. Milo Thatch.Atlantis: The Lost Empire
37.9%
Who’d a thought the prince would've had a younger brother. How old did you say you were?
I’m six and a half.
Well I waited this long….
The Princess and the Frog
30.2%
Well, uh, as Ol’ Reliable used to say, he’d say uh, he’d say uh… uh … Doggone. You know, I clean forgot what it was that he used to say.Lady and the Tramp
26.6%
Hey Napoleon, that sounds like the end.
Wait a minute! I’m the leader. I’ll say when it’s the end. It’s the end.
Aristocats
26.1%
Well, come on Baggy buddy. Let’s get back to where we belong. And get with the beat!The Jungle Book
24.8%
Stay out of trouble you ol’ scallywag. Aye! Jimbo lad. When have I ever done otherwise?Treasure Planet
18.9%
Well folks, that’s the way it really happened.Robin Hood
18.8%
Does that dog look familiar?
Nope, I’ve never seen him before in my life.
Bolt
10.4%
Oh no. Stay in those eggs! That’s a direct order. Oh hey, you’re kind of a cute little feller. YOW! Whoa!!The Rescuers Down Under
10%

You're not logged in!

Compare scores with friends on all Sporcle quizzes.
OR
Log In

You Might Also Like...

Show Comments

Extras

Top Quizzes Today


Score Distribution

Your Account Isn't Verified!

In order to create a playlist on Sporcle, you need to verify the email address you used during registration. Go to your Sporcle Settings to finish the process.

Report this User

Report this user for behavior that violates our Community Guidelines.

Details: